Europa in Fotos - Statistiken

Allgemein
  • Dieses Quiz wurde 124 mal gespielt
  • Das Durchschnittsergebnis liegt bei 23 aus 46
Antwortstatistiken
Bildquiz Antwort % Korrekt
Deutschland
95%
Frankreich
88%
Spanien
87%
Russland
86%
Niederlande
81%
Schweiz
81%
Ukraine
81%
Finnland
73%
Italien
73%
Vereinigtes Königreich
72%
Irland
71%
Norwegen
70%
Island
67%
Griechenland
65%
Dänemark
64%
Monaco
63%
Vatikanstadt
63%
Kroatien
55%
Österreich
54%
Ungarn
54%
Tschechien
51%
Belgien
50%
Bosnien und Herzegowina
42%
Belarus
39%
Lettland
39%
San Marino
39%
Slowenien
37%
Litauen
36%
Polen
35%
Rumänien
35%
Schweden
35%
Zypern
35%
Estland
33%
Portugal
33%
Luxemburg
29%
Bulgarien
28%
Albanien
27%
Liechtenstein
27%
Montenegro
27%
Slowakei
27%
Nordmazedonien
25%
Malta
24%
Andorra
23%
Serbien
23%
Kosovo
22%
Moldawien
22%
Keine übereinstimmenden Quizze gefunden
Verteilung der Resultate
Anzahl Personen mit jedem Resultat
Perzentil nach korrekt beantworteten Fragen
Ihre Resultats-Entwicklung
Sie haben dieses Quiz noch nicht gespielt